000 00764aam a2200289 i 4500
001 768714001
003 CO-MdFUSB
005 20250827164811.0
007 ta
008 250827t1979 -us |||| |||| 00| 0 eng d
040 _cCO-MdFUSB
041 0 _aspa
082 0 4 _223
_a248.86
_bG679h
100 1 _aGossett, Don
_eautor
245 1 0 _aHow you can rise above fear and live in victory
_c/ Don Gossett
264 1 _bDon Gossett,
_aTulsa, Oklahoma, USA :
_c[1979]
264 4 _c©1979
300 _a96 páginas
336 _atexto
_btxt
_2rdacontent
337 _2rdamedia
_asin mediación
_bn
338 _2rdacarrier
_avolumen
_bnc
563 _aRústico
650 0 _aVida cristiana
_919
942 _cBK
945 _aJTF-925
999 _c41069
_d41069